Conversaciones históricas con el mestizaje y su identidad nacional en Honduras

Uloženo v:
Podrobná bibliografie
Hlavní autor: Euraque, Darío A.
Médium: Text
Vydáno: San Pedro Sula: Centro Editorial srl.
Témata:
Tagy: Přidat tag
Žádné tagy, Buďte první, kdo vytvoří štítek k tomuto záznamu!

MARC

LEADER 00000 a a2200000 04500
001 31242
003
040 |a CRAI/IIS  |c CRAI/IIS 
020 |a 99926-655-6-4  
090 |a 197800  
100 |a Euraque, Darío A.  
245 |a Conversaciones históricas con el mestizaje y su identidad nacional en Honduras  
260 |a San Pedro Sula:   |b Centro Editorial srl.  
300 |a 280 p.  
650 |a MESTIZOS  
650 |a IDENTIDAD CULTURAL  
650 |a HISTORIOGRAFIA  
650 |a ETNOLOGIA  
650 |a SEGREGACION RACIAL  
650 |a HONDURAS  
999 |c 7698  |d 7698